| 000 -LEADER |
| fixed length control field |
02461cam a2200349 a 4500 |
| 001 - CONTROL NUMBER |
| control field |
15117522 |
| 003 - CONTROL NUMBER IDENTIFIER |
| control field |
GE_BSU |
| 005 - DATE AND TIME OF LATEST TRANSACTION |
| control field |
20200131131846.0 |
| 008 - FIXED-LENGTH DATA ELEMENTS--GENERAL INFORMATION |
| fixed length control field |
071218s2008 txua bf 000 0 eng |
| 010 ## - LIBRARY OF CONGRESS CONTROL NUMBER |
| LC control number |
2007051726 |
| 020 ## - INTERNATIONAL STANDARD BOOK NUMBER |
| International Standard Book Number |
9781593633097 (pbk.) |
| 020 ## - INTERNATIONAL STANDARD BOOK NUMBER |
| International Standard Book Number |
1593633092 (pbk.) |
| 035 ## - SYSTEM CONTROL NUMBER |
| System control number |
(OCoLC)ocn185026581 |
| 035 ## - SYSTEM CONTROL NUMBER |
| System control number |
(OCoLC)185026581 |
| 040 ## - CATALOGING SOURCE |
| Original cataloging agency |
DLC |
| Transcribing agency |
DLC |
| Modifying agency |
YDX |
| -- |
BAKER |
| -- |
YDXCP |
| -- |
MEA |
| -- |
OCLCG |
| -- |
BTCTA |
| -- |
QBX |
| -- |
DLC |
| 043 ## - GEOGRAPHIC AREA CODE |
| Geographic area code |
n-us--- |
| 050 00 - LIBRARY OF CONGRESS CALL NUMBER |
| Classification number |
LC3981 |
| Item number |
.W37 2008 |
| 082 00 - DEWEY DECIMAL CLASSIFICATION NUMBER |
| Classification number |
371.90973 |
| Edition number |
22 |
| 100 1# - MAIN ENTRY--PERSONAL NAME |
| Personal name |
Weinfeld, Rich, |
| Dates associated with a name |
1953- |
| 9 (RLIN) |
6594 |
| 245 10 - TITLE STATEMENT |
| Title |
Special needs advocacy resource book : |
| Remainder of title |
what you can do now to advocate for your exceptional child's education / |
| Statement of responsibility, etc. |
by Rich Weinfeld & Michelle Davis. |
| 260 ## - PUBLICATION, DISTRIBUTION, ETC. |
| Place of publication, distribution, etc. |
Waco, Tex. : |
| Name of publisher, distributor, etc. |
Prufrock Press Inc., |
| Date of publication, distribution, etc. |
c2008. |
| 300 ## - PHYSICAL DESCRIPTION |
| Extent |
x, 316 p. : |
| Other physical details |
ill. ; |
| Dimensions |
23 cm. |
| 504 ## - BIBLIOGRAPHY, ETC. NOTE |
| Bibliography, etc. note |
Includes bibliographical references (p. 311-316). |
| 505 0# - FORMATTED CONTENTS NOTE |
| Formatted contents note |
Acknowledgments -- Introduction -- Why is it important that we advocate for students? -- What do effective advocates do? -- What does an advocate need to know about -- Outstanding classrooms or educational programs? -- What does an advocate -- Need to know about the law? -- What does an advocate need -- To know about the iep process? -- What does an advocate need to know -- About evaluating a child's strengths and needs? -- What does an advocate need to know -- To work effectively with the parents and family? -- What does an advocate need to know about -- The school system, school, and classroom? -- What does an advocate need -- To know about educational options -- Beyond the standard public school offerings? -- What does an advocate need to know -- About the dynamics of school meetings? -- What does an advocate do to ensure -- Effective implementation and -- Evaluate efficacy of individual student plans? -- How can parents organize into groups -- And effectively advocate for their children? -- Glossary -- References -- About the authors. |
| 650 #0 - SUBJECT ADDED ENTRY--TOPICAL TERM |
| Topical term or geographic name entry element |
Special education |
| General subdivision |
Parent participation |
| Geographic subdivision |
United States |
| Form subdivision |
Handbooks, manuals, etc. |
| 9 (RLIN) |
6595 |
| 653 ## - INDEX TERM--UNCONTROLLED |
| keyword |
პედაგოგიკა |
| 700 1# - ADDED ENTRY--PERSONAL NAME |
| Personal name |
Davis, Michelle. |
| 9 (RLIN) |
6596 |
| 856 41 - ELECTRONIC LOCATION AND ACCESS |
| Materials specified |
Table of contents only |
| Uniform Resource Identifier |
http://www.loc.gov/catdir/toc/ecip087/2007051726.html |
| 906 ## - LOCAL DATA ELEMENT F, LDF (RLIN) |
| a |
7 |
| b |
cbc |
| c |
orignew |
| d |
1 |
| e |
ecip |
| f |
20 |
| g |
y-gencatlg |
| 942 ## - ADDED ENTRY ELEMENTS (KOHA) |
| Source of classification or shelving scheme |
|
| Koha item type |
წიგნი |